ÇANAKKALE MACERASI (Record no. 838689)

MARC details
000 -LEADER
sabit uzunluktaki kontrol alanı 00246nam a2200097Ia 4500
001 - KONTROL NUMARASI
kontrol alanı 838689
005 - EN SON İŞLEMİN TARİH VE ZAMANI
kontrol alanı 20250826172557.0
008 - SABİT-UZUNLUKTA VERİ ÖĞELERİ--GENEL BİLGİ
sabit uzunluktaki kontrol alanı 250824s9999 xx 000 0 und d
245 #0 - ESER / YAZAR
ESER ADI ÇANAKKALE MACERASI
Yazar Adı ASENA MERİÇ
260 ## - YAYIN, DAĞITIM, VB.
YAYIN EVİ YEDİVEREN YAYINLARI
Holdings
Düşüm durumu Kayıp durumu Hasar Durumu Ödünç verilmez Ana kütüphane Geçerli Kütüphane Edinilen tarih Toplam ödünç verme sayısı Barkod Son görüntüleme tarihi Fiyatın geçerli olmaya başladığı tarih Koha materyal türü
        NECİP FAZIL KISAKÜREK ORTAOKULU NECİP FAZIL KISAKÜREK ORTAOKULU 24.08.2025   10412393 26.08.2025 26.08.2025 Books